000 02052nam1a2200325 i 4500
001 RU\NLR\bibl\741673
005 20260407091242.0
010 _a5-88081-362-2
_91000
035 _a(NLR Aleph) 000731545
090 _a765819
_c765819
100 _a20050330d2003 u y0rusy50 ca
101 0 _arus
102 _aRU
105 _a||||z |||||
200 1 _aГосударственная регистрация прав на недвижимое имущество
_eпракт. пособие
_e[в 2 ч.]
_fМ-во юстиции Рос. Федерации, Ур. федер. округ, Учреждение юстиции по гос. регистрации прав на недвижимое имущество и сделок с ним на территории Тюм. обл.
_g[А.А. Одинцов и др.]
210 _aТюмень
_cИзд-во Тюм. гос. ун-та
_d2003
215 _d20
300 _a60 лет Тюм. обл.
463 0 _1001561669
463 0 _1001561668
606 0 _aНедвижимое имущество
_jЗаконы, постановления и т.п.
_jКомментарии
_xРегистрация прав
_yТюменская область
_92347519
_3RU\NLR\auth\661402742
606 0 _aНедвижимое имущество
_jЗаконодательные материалы
_jКомментарии
_xРегистрация прав
_yТюменская область
_92347519
_3RU\NLR\auth\661402742
686 _aХ623.211.12-329(2Р-4Тю)я7
702 1 _4220
_8rus
_7ca
_aОдинцов
_bА. А.
_gАлександр Алексеевич
_3RU\NLR\auth\7724527
_97578
712 0 2 _4570
_aУчреждение юстиции по государственной регистрации прав на недвижимое имущество и сделок с ним на территории Тюменской области
_3RU\NLR\AUTH\8810048891
_9597834
801 0 _aRU
_bNLR
_c20050330
_gPSBO
801 1 _aRU
_bNLR
_c20050330
852 _aNLR
_j2004-3/20869
942 _cBOOK